<?xml version="1.0" encoding="UTF-8"?>
<marc:record xmlns:marc="http://www.loc.gov/MARC21/slim">
   <marc:leader>00000nam a2200000 a 4500</marc:leader>
   <marc:datafield ind1="1" ind2=" " tag="100">
      <marc:subfield code="a">Ruß, Theresia</marc:subfield>
      <marc:subfield code="4">aut</marc:subfield>
      <marc:subfield code="e">Verfasser/-in</marc:subfield>
   </marc:datafield>
   <marc:datafield ind1=" " ind2=" " tag="653">
      <marc:subfield code="a">Sexueller Missbrauch</marc:subfield>
   </marc:datafield>
   <marc:datafield ind1=" " ind2=" " tag="653">
      <marc:subfield code="a">Gefühle kleiner Kinder bei Aufdeckung eines sexuellen Missbrauchs</marc:subfield>
   </marc:datafield>
   <marc:datafield ind1=" " ind2=" " tag="653">
      <marc:subfield code="a">sexueller Missbrauch</marc:subfield>
   </marc:datafield>
   <marc:datafield ind1=" " ind2=" " tag="653">
      <marc:subfield code="a">Inzest</marc:subfield>
   </marc:datafield>
   <marc:datafield ind1=" " ind2=" " tag="653">
      <marc:subfield code="a">Innerfamiliärer Missbrauch</marc:subfield>
   </marc:datafield>
   <marc:datafield ind1=" " ind2=" " tag="653">
      <marc:subfield code="a">Innerfamiliär</marc:subfield>
   </marc:datafield>
   <marc:datafield ind1=" " ind2=" " tag="653">
      <marc:subfield code="a">psychosoziale und juristische Prozessbegleitung</marc:subfield>
   </marc:datafield>
   <marc:datafield ind1=" " ind2=" " tag="653">
      <marc:subfield code="a">kleine Kinder vor Gericht</marc:subfield>
   </marc:datafield>
   <marc:datafield ind1=" " ind2=" " tag="653">
      <marc:subfield code="a">Softcover / Ratgeber/Lebenshilfe</marc:subfield>
   </marc:datafield>
   <marc:datafield ind1=" " ind2=" " tag="653">
      <marc:subfield code="a">Alltag/Familie</marc:subfield>
   </marc:datafield>
   <marc:datafield ind1=" " ind2=" " tag="653">
      <marc:subfield code="a">Kinderbuch</marc:subfield>
   </marc:datafield>
   <marc:datafield ind1=" " ind2=" " tag="653">
      <marc:subfield code="a">Vorlesebücher</marc:subfield>
   </marc:datafield>
   <marc:datafield ind1="0" ind2="0" tag="245">
      <marc:subfield code="a">Caro plaudert ein Geheimnis aus</marc:subfield>
   </marc:datafield>
   <marc:datafield ind1="0" ind2="0" tag="245">
      <marc:subfield code="c">Text von Theresia Ruß ; Illustrationen von Peter Neugschwentner</marc:subfield>
   </marc:datafield>
   <marc:datafield ind1=" " ind2="1" tag="264">
      <marc:subfield code="a">Horn</marc:subfield>
      <marc:subfield code="b">Verlag Berger</marc:subfield>
      <marc:subfield code="c">2017</marc:subfield>
   </marc:datafield>
   <marc:datafield ind1=" " ind2=" " tag="250">
      <marc:subfield code="a">1. Auflage</marc:subfield>
   </marc:datafield>
   <marc:datafield ind1="1" ind2=" " tag="520">
      <marc:subfield code="a">Angaben aus der Verlagsmeldung

Caro plaudert ein Geheimnis aus / von Theresia Ruß

Die sechsjährige Caro deckt ein Familiengeheimnis auf: Sie ist Opfer eines sexuellen Missbrauchs durch ihren großen Stiefbruder geworden. Danach ist nichts mehr so, wie es einmal war...

In anschaulichen Bildern werden Caros Sichtweise und ihre Gefühlswelt aufgezeigt, aber auch die Hilfe, die sie bekommt. Die gibt ihr Halt und Zuversicht. Wichtige Erklärungen unterstützen sie bei der Bewältigung der leidvollen Situation.

Das Buch soll Eltern und MultiplikatorInnen helfen, Kinder durch diese schwierige Zeit zu begleiten. Das Aufgreifen von Geschehnissen und das Benennen von Gefühlen erleichtert Kindern und Erwachsenen den Umgang mit dem Thema.

Auch die Aufgaben der Prozessbegleitung kommen in kindgerechter Form zur Sprache. Die kostenfreie psychosoziale und juristische Begleitung für Kinder und deren Bezugspersonen ist eine große Unterstützung für Betroffene und ein gesetzlich verankertes Recht.

Ein Bilderbuch, geeignet zum Vorlesen für von Missbrauch betroffene Kleinkinder ab vier Jahren bis ins Schulalter.
</marc:subfield>
   </marc:datafield>
   <marc:datafield ind1=" " ind2=" " tag="020">
      <marc:subfield code="a">9783850288323</marc:subfield>
      <marc:subfield code="9">9783850288323</marc:subfield>
   </marc:datafield>
   <marc:datafield ind1=" " ind2=" " tag="020">
      <marc:subfield code="a">3850288323</marc:subfield>
      <marc:subfield code="9">3850288323</marc:subfield>
   </marc:datafield>
   <marc:datafield ind1=" " ind2=" " tag="041">
      <marc:subfield code="a">ger</marc:subfield>
   </marc:datafield>
   <marc:datafield ind1=" " ind2=" " tag="300">
      <marc:subfield code="a">51 Seiten</marc:subfield>
   </marc:datafield>
</marc:record>
